[Event "ITA-chT GpB playoff 54th"]
[Site "Bacoli"]
[Date "2023.04.30"]
[Round "4"]
[White "Yao, Stefano"]
[Black "Genocchio, Daniele"]
[Result "1-0"]
[WhiteElo "2297"]
[BlackElo "2356"]
[PlyCount "91"]
[EventDate "2023.04.30"]
[EventType "team-tourn"]
[EventRounds "4"]
[EventCountry "ITA"]
[SourceTitle "CBM 213 Extra"]
[Source "ChessBase"]
[SourceDate "2023.05.31"]
[SourceVersion "1"]
[SourceVersionDate "2023.05.31"]
[SourceQuality "1"]
[WhiteTeam "Torino"]
[BlackTeam "Il Grifone Di Arzignano"]
[WhiteTeamCountry "ITA"]
[BlackTeamCountry "ITA"]

1. d4 Nf6 2. Nf3 e6 3. Bg5 c5 4. e3 h6 5. Bh4 b6 6. Nbd2 Be7 7. Bd3 Bb7 8. 0-0 0-0 9. a4 Nc6 10. c3 Nh5 11. Bxe7 Qxe7 12. Qe2 Rac8 13. Ba6 Bxa6 14. Qxa6 d6 15. Rfd1 Qc7 16. Qe2 Nf6 17. h3 Rfe8 18. Rac1 Na5 19. Qf1 d5 20. Ne5 Nc6 21. Ndf3 Ne4 22. Ra1 c4 23. Nxc6 Qxc6 24. Ne5 Qd6 25. Qe1 Nf6 26. Qe2 a6 27. Rdb1 Ra8 28. b3 b5 29. b4 Ne4 30. Qc2 f6 31. Nf3 a5 32. bxa5 Rxa5 33. Rxb5 Rxb5 34. axb5 Rb8 35. Rb1 Qb6 36. Nd2 Nd6 37. e4 Qb7 38. exd5 Qxd5 39. b6 Qc6 40. Qb2 Nc8 41. b7 Nd6 42. Qb6 Qxb6 43. Rxb6 Nf5 44. Nxc4 Kf7 45. Na5 Ne7 46. c4 1-0

[Event "ITA-chT GpA 54th"]
[Site "Bacoli"]
[Date "2023.04.26"]
[Round "3"]
[White "Banikas, Hristos"]
[Black "Genocchio, Daniele"]
[Result "1-0"]
[WhiteElo "2599"]
[BlackElo "2356"]
[PlyCount "93"]
[EventDate "2023.04.25"]
[EventType "team-tourn"]
[EventRounds "7"]
[EventCountry "ITA"]
[SourceTitle "CBM 213 Extra"]
[Source "ChessBase"]
[SourceDate "2023.05.31"]
[SourceVersion "1"]
[SourceVersionDate "2023.05.31"]
[SourceQuality "1"]
[WhiteTeam "WorldtradingLab"]
[BlackTeam "Il Grifone Di Arzignano"]
[WhiteTeamCountry "ITA"]
[BlackTeamCountry "ITA"]

1. d4 g6 2. e4 Bg7 3. Nc3 d6 4. Be3 c6 5. Nf3 Nf6 6. Qd2 Nbd7 7. Bd3 e5 8. 0-0 0-0 9. a4 a5 10. Rad1 Qe7 11. Rfe1 Re8 12. dxe5 dxe5 13. Bc4 Qb4 14. b3 Nb6 15. Be2 Nbd7 16. Bc4 Nb6 17. Bd3 Nbd7 18. Ne2 Ng4 19. Qxb4 axb4 20. Bd2 Bf8 21. h3 Ngf6 22. Ng3 Bc5 23. c3 bxc3 24. Bxc3 h6 25. Re2 Nh7 26. h4 Bd6 27. h5 Bc7 28. hxg6 fxg6 29. Bc2 Ndf6 30. Ne1 Ng5 31. Red2 Nf7 32. f3 h5 33. Ne2 Be6 34. Kh2 h4 35. Nd3 Nd7 36. Nf2 Nf6 37. Nd3 Nd7 38. Nec1 Rad8 39. a5 Ra8 40. b4 Nd6 41. Nf2 Nb5 42. Rxd7 Bxd7 43. Rxd7 Rad8 44. Rxd8 Rxd8 45. Be1 Nd4 46. Bd3 Rd7 47. Ng4 1-0

[Event "Bassano del Grappa Vergani Cup"]
[Site "Bassano del Grappa"]
[Date "2023.02.05"]
[Round "8"]
[White "Chkhaidze, Nikoloz"]
[Black "Genocchio, Daniele"]
[Result "1/2-1/2"]
[WhiteElo "2165"]
[BlackElo "2361"]
[PlyCount "55"]
[EventDate "2023.02.01"]
[EventType "swiss"]
[EventRounds "9"]
[EventCountry "ITA"]
[SourceTitle "CBM 212 Extra"]
[Source "ChessBase"]
[SourceDate "2023.03.31"]
[SourceVersion "1"]
[SourceVersionDate "2023.03.31"]
[SourceQuality "1"]

1. e4 e5 2. f4 Bc5 3. Nf3 d6 4. c3 Bb6 5. Na3 Nc6 6. Nc4 f5 7. exf5 e4 8. Ng5 Bxf5 9. g4 Bd7 10. Nxb6 axb6 11. Bc4 Ne5 12. fxe5 Qxg5 13. d4 Qh4+ 14. Kd2 dxe5 15. Qe1 Qxe1+ 16. Rxe1 0-0-0 17. Rxe4 exd4 18. g5 h6 19. cxd4 hxg5 20. Kc3 Nf6 21. Re7 Rh3+ 22. Kb4 b5 23. Bb3 Bf5 24. Be3 Rd7 25. Re5 g6 26. Kxb5 Bd3+ 27. Kb4 Bf5 28. Kb5 1/2-1/2

[Event "Bassano del Grappa Vergani Cup"]
[Site "Bassano del Grappa"]
[Date "2023.02.01"]
[Round "1"]
[White "Genocchio, Daniele"]
[Black "Wahlgreen, Noah Krug"]
[Result "1/2-1/2"]
[WhiteElo "2361"]
[BlackElo "2030"]
[PlyCount "160"]
[EventDate "2023.02.01"]
[EventType "swiss"]
[EventRounds "9"]
[EventCountry "ITA"]
[SourceTitle "CBM 212 Extra"]
[Source "ChessBase"]
[SourceDate "2023.03.31"]
[SourceVersion "1"]
[SourceVersionDate "2023.03.31"]
[SourceQuality "1"]

1. e4 c6 2. d4 d5 3. e5 Bf5 4. Nf3 e6 5. Be2 c5 6. Be3 cxd4 7. Nxd4 Bg6 8. c4 Ne7 9. 0-0 Nec6 10. Nxc6 Nxc6 11. Qb3 d4 12. Qxb7 Be4 13. Bg5 Qb8 14. Qxb8+ Rxb8 15. b3 Nxe5 16. Nd2 Bg6 17. Bf4 Bd6 18. Bg3 Rd8 19. c5 Bb8 20. Bb5+ Ke7 21. Rfe1 Nd3 22. Bxd3 Bxg3 23. Bxg6 Bf4 24. Nc4 hxg6 25. g3 Bc7 26. Rad1 a5 27. Nb2 Rh5 28. Nd3 Rdh8 29. h4 g5 30. hxg5 Rxg5 31. Kg2 Kd7 32. Re4 Rd5 33. f4 Kc6 34. Rc1 g5 35. Kf3 Rh2 36. Nf2 gxf4 37. gxf4 Rxc5 38. Rxc5+ Kxc5 39. Re2 Kd5 40. Kg3 Rh8 41. Rc2 Bd6 42. Kf3 Rh4 43. Ng4 Bxf4 44. Nf6+ Kd6 45. Ne4+ Kd7 46. Rc4 e5 47. Nc5+ Ke7 48. Ke4 Rh3 49. Nb7 Re3+ 50. Kf5 Rc3 51. Nxa5 Kd6 52. Ke4 Re3+ 53. Kf5 Re2 54. Nb7+ Kd7 55. Nc5+ Ke7 56. a4 Re3 57. b4 Rc3 58. Rxc3 dxc3 59. a5 c2 60. Nb3 c1Q 61. Nxc1 Bxc1 62. Kxe5 Bb2+ 63. Kd5 Kd7 64. b5 Kc7 65. Kc5 Ba3+ 66. Kd5 Bb4 67. a6 Ba5 68. Ke5 Bc3+ 69. Ke4 Bf6 70. Kd5 Kb6 71. Kd6 Bg7 72. Kd5 f5 73. Kc4 Be5 74. Kd5 Bb8 75. Kd4 Bc7 76. Kd5 Bg3 77. Kd4 Bf4 78. Kd5 Bh2 79. Kd4 Kxb5 80. a7 Bg1+ 1/2-1/2

[Event "ITA-chTB 53rd"]
[Site "Montesilvano"]
[Date "2022.04.22"]
[Round "5.2"]
[White "Godena, Michele"]
[Black "Genocchio, Daniele"]
[Result "0-1"]
[WhiteElo "2463"]
[BlackElo "2358"]
[PlyCount "119"]
[EventDate "2022.04.19"]
[EventType "team-tourn"]
[EventRounds "7"]
[EventCountry "ITA"]
[SourceTitle "CBM 207 Extra"]
[Source "ChessBase"]
[SourceDate "2022.05.31"]
[SourceVersion "1"]
[SourceVersionDate "2022.05.31"]
[SourceQuality "1"]
[WhiteTeam "Marostica Pizzato Elettrica"]
[BlackTeam "Il Grifone D’Arzignano"]
[WhiteTeamCountry "ITA"]
[BlackTeamCountry "ITA"]

1. e4 g6 2. d4 Bg7 3. c3 d6 4. Nf3 Nf6 5. Bd3 0-0 6. 0-0 Nc6 7. h3 e5 8. Re1 Re8 9. Na3 h6 10. Nc2 Nh5 11. a3 a6 12. Bd2 Bd7 13. Rc1 Nf4 14. Bxf4 exf4 15. Nb4 Ne7 16. Bc4 b5 17. Ba2 g5 18. e5 a5 19. exd6 cxd6 20. Nd5 Nf5 21. Rxe8+ Bxe8 22. Qd3 Bd7 23. Re1 Kf8 24. c4 bxc4 25. Bxc4 Rc8 26. b3 Rb8 27. a4 Be6 28. Nc3 Bd7 29. Qe4 Qf6 30. Nd5 Qd8 31. Nc3 Qf6 32. Nd5 Qd8 33. h4 g4 34. Nh2 Bxd4 35. Nxg4 h5 36. Nh2 Bxf2+ 37. Kxf2 Qxh4+ 38. Kg1 Re8 39. Qxe8+ Bxe8 40. Nf3 Qg3 41. Re4 Bc6 42. Rxf4 Ne3 43. Rxf7+ Kxf7 44. Nxe3+ Ke8 45. Nf5 Qf4 46. N3d4 Bd7 47. Bb5 Kd8 48. Bxd7 Kxd7 49. g3 Qd2 50. Kf1 d5 51. Kg1 Ke8 52. Kf1 Kf7 53. Kg1 Ke8 54. Kf1 Kf7 55. Kg1 Kf6 56. Kf1 Qh2 57. Ke1 Qg2 58. Kd1 Qf2 59. Kc1 Ke5 60. Kb1 0-1

[Event "ITA-ch sf 80th"]
[Site "Civitanova Marche"]
[Date "2021.07.21"]
[Round "5"]
[White "Carnicelli, Valerio"]
[Black "Genocchio, Daniele"]
[Result "0-1"]
[WhiteElo "2286"]
[BlackElo "2361"]
[PlyCount "52"]
[EventDate "2021.07.17"]
[EventType "swiss"]
[EventRounds "9"]
[EventCountry "ITA"]
[SourceTitle "CBM 203 Extra"]
[Source "ChessBase"]
[SourceDate "2021.09.30"]
[SourceVersion "1"]
[SourceVersionDate "2021.09.30"]
[SourceQuality "1"]

1. e4 e5 2. Nf3 Nc6 3. Bc4 Bc5 4. c3 Bb6 5. d4 exd4 6. cxd4 d6 7. h3 Nf6 8. 0-0 Nxe4 9. Re1 0-0 10. Rxe4 d5 11. Bg5 f6 12. Bxd5+ Qxd5 13. Nc3 Qf7 14. Bf4 Bf5 15. Re1 Nb4 16. Nh4 Be6 17. a3 Nd5 18. Nxd5 Bxd5 19. Nf5 Rfe8 20. Qg4 Kh8 21. Be3 Re4 22. Qd1 Rae8 23. Rc1 Qg6 24. g4 h5 25. f3 R4e6 26. Kf2 Qh7 0-1

[Event "Cesenatico op 23rd"]
[Site "Cesenatico"]
[Date "2019.09.04"]
[Round "4"]
[White "Genocchio, Daniele"]
[Black "Lalic, Bogdan"]
[Result "1/2-1/2"]
[WhiteElo "2354"]
[BlackElo "2418"]
[PlyCount "33"]
[EventDate "2019.09.01"]
[EventType "swiss"]
[EventRounds "9"]
[EventCountry "ITA"]
[SourceTitle "EXT 2020"]
[Source "ChessBase"]
[SourceDate "2019.10.17"]
[SourceVersion "1"]
[SourceVersionDate "2019.10.17"]
[SourceQuality "1"]

1. e4 c5 2. Nf3 d6 3. d4 cxd4 4. Nxd4 Nf6 5. Nc3 a6 6. Be2 e5 7. Nb3 Be7 8. 0-0 0-0 9. Be3 Be6 10. a4 Nbd7 11. a5 Rc8 12. f3 Nc5 13. Nxc5 dxc5 14. Qe1 c4 15. Qf2 Nd7 16. Rfd1 Qc7 17. Nd5 1/2-1/2

[Event "Treviso Master op 3rd"]
[Site "Treviso"]
[Date "2019.03.30"]
[Round "3.1"]
[White "Barp, Alberto"]
[Black "Genocchio, Daniele"]
[Result "1/2-1/2"]
[WhiteElo "2424"]
[BlackElo "2350"]
[PlyCount "65"]
[EventDate "2019.03.29"]
[EventType "swiss"]
[EventRounds "5"]
[EventCountry "ITA"]
[SourceTitle "EXT 2024"]
[Source "ChessBase"]
[SourceDate "2023.10.10"]
[SourceVersion "1"]
[SourceVersionDate "2023.10.10"]
[SourceQuality "1"]

1. d4 g6 2. Nf3 Bg7 3. g3 d6 4. Bg2 Nd7 5. 0-0 Ngf6 6. b3 0-0 7. Bb2 e5 8. dxe5 dxe5 9. Nxe5 Nxe5 10. Bxe5 Qe7 11. Bb2 Rd8 12. Qe1 c6 13. e4 Qc5 14. Nc3 h5 15. Rc1 h4 16. e5 Ng4 17. Ne4 Qb6 18. Ng5 hxg3 19. hxg3 Re8 20. Nf3 Qc7 21. Qe2 Be6 22. c4 Bf5 23. Rfe1 Rad8 24. Rcd1 Rxd1 25. Rxd1 Nxe5 26. Bxe5 Bxe5 27. Re1 f6 28. Qe3 c5 29. Qh6 Qg7 30. Qxg7+ Kxg7 31. Nxe5 Rxe5 32. Rxe5 fxe5 33. Bxb7 1/2-1/2

[Event "Cesenatico op 22nd"]
[Site "Cesenatico"]
[Date "2018.09.07"]
[Round "7"]
[White "Mirzoev, Azer"]
[Black "Genocchio, Daniele"]
[Result "1-0"]
[WhiteElo "2505"]
[BlackElo "2373"]
[PlyCount "131"]
[EventDate "2018.09.01"]
[EventType "swiss"]
[EventRounds "9"]
[EventCountry "ITA"]
[SourceTitle "CBM 186 Extra"]
[Source "ChessBase"]
[SourceDate "2018.08.24"]
[SourceVersion "1"]
[SourceVersionDate "2018.08.24"]
[SourceQuality "1"]

1. c4 e5 2. Nc3 Nf6 3. e3 c6 4. d4 exd4 5. Qxd4 Na6 6. Nf3 d5 7. Qd1 Nc7 8. Be2 Bd6 9. cxd5 Ncxd5 10. Nxd5 Nxd5 11. 0-0 0-0 12. Qd4 Qe7 13. b3 Bc5 14. Qe5 Bg4 15. Qxe7 Bxe7 16. Bb2 Rfd8 17. h3 Bf5 18. a3 Nc7 19. Rfc1 Bd3 20. Bd1 a5 21. Ne5 Bf6 22. Nxd3 Rxd3 23. Bxf6 gxf6 24. Kf1 Rd2 25. Rc2 Rad8 26. Ke1 Rxc2 27. Bxc2 Nb5 28. a4 Nc3 29. Rc1 Na2 30. Rd1 Rxd1+ 31. Kxd1 h6 32. Kd2 Kf8 33. g4 Ke7 34. h4 Nb4 35. Be4 Na6 36. Kc3 Nc5 37. Bc2 Na6 38. f4 Kd6 39. h5 Ke7 40. Kc4 Nc7 41. Be4 Ne6 42. Bf5 Nc7 43. Bc8 b6 44. Bf5 Ne8 45. Be4 Nd6+ 46. Kd4 Kd7 47. Bf3 Ne8 48. g5 fxg5 49. fxg5 hxg5 50. h6 Nf6 51. Be4 Ke6 52. h7 Nxh7 53. Bxh7 f5 54. Bg8+ Kd6 55. Bc4 c5+ 56. Kd3 Ke5 57. Ba6 g4 58. Bb7 f4 59. exf4+ Kxf4 60. Ba8 g3 61. Bb7 Ke5 62. Kc4 Kf4 63. Kb5 Ke3 64. Kxb6 Kd4 65. Kb5 Kc3 66. Kxc5 1-0

[Event "Cesenatico op 22nd"]
[Site "Cesenatico"]
[Date "2018.09.02"]
[Round "2"]
[White "Genocchio, Daniele"]
[Black "Paleologu, Vladimir"]
[Result "1-0"]
[WhiteElo "2373"]
[BlackElo "2183"]
[PlyCount "61"]
[EventDate "2018.09.01"]
[EventType "swiss"]
[EventRounds "9"]
[EventCountry "ITA"]
[SourceTitle "CBM 186 Extra"]
[Source "ChessBase"]
[SourceDate "2018.08.24"]
[SourceVersion "1"]
[SourceVersionDate "2018.08.24"]
[SourceQuality "1"]

1. c4 e5 2. Nc3 Nf6 3. Nf3 Nc6 4. d4 e4 5. Nd2 Nxd4 6. Ndxe4 Ne6 7. Nxf6+ Qxf6 8. g3 Bc5 9. e3 0-0 10. Bg2 Re8 11. 0-0 Bf8 12. Qd2 Rb8 13. b3 a6 14. Bb2 Qh6 15. Rac1 b5 16. Nd5 Bb7 17. cxb5 axb5 18. Nxc7 Bxg2 19. Kxg2 Ng5 20. f3 Qh3+ 21. Kg1 Qh5 22. Nxe8 Nxf3+ 23. Rxf3 Qxf3 24. Nc7 Rb6 25. Nd5 Rd6 26. Ne7+ Bxe7 27. Rc8+ Bf8 28. Rxf8+ Kxf8 29. Qxd6+ Ke8 30. Qb8+ Ke7 31. Ba3+ 1-0